From the lands of the Bible: art and artifact / (Record no. 44596)
[ view plain ]
| 000 -LEADER | |
|---|---|
| fixed length control field | 01037cam a22002411 4500 |
| 001 - CONTROL NUMBER | |
| control field | 204806 |
| 005 - DATE AND TIME OF LATEST TRANSACTION | |
| control field | 20181113103108.0 |
| 008 - FIXED-LENGTH DATA ELEMENTS--GENERAL INFORMATION | |
| fixed length control field | 710318s1968 nyuab c 00000 eng |
| 010 ## - LIBRARY OF CONGRESS CONTROL NUMBER | |
| LC control number | 68030503 |
| 035 ## - SYSTEM CONTROL NUMBER | |
| System control number | (OCoLC)00449644 |
| 043 ## - GEOGRAPHIC AREA CODE | |
| Geographic area code | aw----- |
| 110 2# - MAIN ENTRY--CORPORATE NAME | |
| Corporate name or jurisdiction name as entry element | America-Israel Cultural Foundation. |
| 245 10 - TITLE STATEMENT | |
| Title | From the lands of the Bible: art and artifact / |
| Remainder of title | an archaeological exhibition in celebration of Israel's twentieth anniversary under the patronage of His Excellency Major-General Yitzhak Rabin, Ambassador of Israel to the United States. |
| 260 ## - PUBLICATION, DISTRIBUTION, ETC. (IMPRINT) | |
| Place of publication, distribution, etc | New York : |
| Name of publisher, distributor, etc | America-Israel Cultural Foundation, Inc., |
| Date of publication, distribution, etc | c1968. |
| 300 ## - PHYSICAL DESCRIPTION | |
| Extent | 135 pages : |
| Other physical details | illustrations (part color), maps. ; |
| Dimensions | 26 cm. |
| 336 ## - CONTENT TYPE | |
| Content Type Term | text |
| Content Type Code | txt |
| Source | rdacontent |
| 337 ## - MEDIA TYPE | |
| Media Type Term | unmediated |
| Media Type Code | n |
| Source | rdamedia |
| 338 ## - CARRIER TYPE | |
| Carrier Type Term | volume |
| Carrier Type Code | nc |
| Source | rdacarrier |
| 500 ## - GENERAL NOTE | |
| General note | Catalogue of an exhibition held at the America-Israel Culture House, May 22-July 3, 1968. |
| 650 #0 - SUBJECT ADDED ENTRY--TOPICAL TERM | |
| Topical term or geographic name as entry element | Art objects, Ancient |
| General subdivision | Exhibitions. |
| 650 #0 - SUBJECT ADDED ENTRY--TOPICAL TERM | |
| Topical term or geographic name as entry element | Art objects |
| Geographic subdivision | Middle East. |
| 942 ## - ADDED ENTRY ELEMENTS (KOHA) | |
| Source of classification or shelving scheme | Library of Congress Classification |
| Item type | Books |
| Withdrawn status | Lost status | Source of classification or shelving scheme | Damaged status | Not for loan | Home library | Current library | Shelving location | Date acquired | Source of acquisition | Inventory number | Total Checkouts | Full call number | Barcode | Date last seen | Price effective from | Koha item type |
|---|---|---|---|---|---|---|---|---|---|---|---|---|---|---|---|---|
| Library of Congress Classification | BSOP Library | BSOP Library | David Weisberg Collection | 10/29/2018 | Donated by Dr. David and Oprah Weisberg | 44191 | NK610 F92 1968 | 00055191 | 10/29/2018 | 10/29/2018 | Books |
